/ ابے کوثر (Record no. 105999)
[ view plain ]
| 000 -LEADER | |
|---|---|
| fixed length control field | 00756nam a22002537a 4500 |
| 005 - DATE AND TIME OF LATEST TRANSACTION | |
| control field | 20170123162301.0 |
| 010 ## - LIBRARY OF CONGRESS CONTROL NUMBER | |
| LC control number | A-277148 |
| 020 ## - INTERNATIONAL STANDARD BOOK NUMBER | |
| Terms of availability | 50.00 |
| 035 ## - SYSTEM CONTROL NUMBER | |
| System control number | A-277148 |
| 037 ## - SOURCE OF ACQUISITION | |
| Source of stock number/acquisition | Cen Lib/Ret |
| 040 ## - CATALOGING SOURCE | |
| Original cataloging agency | DPL |
| Language of cataloging | UR |
| 082 ## - DEWEY DECIMAL CLASSIFICATION NUMBER | |
| Classification number | 954 |
| 100 ## - MAIN ENTRY--PERSONAL NAME | |
| Personal name | محمّد اکرام |
| 9 (RLIN) | 141787 |
| 245 ## - TITLE STATEMENT | |
| Title | / ابے کوثر |
| Statement of responsibility, etc | محمّد اکرام |
| 246 ## - VARYING FORM OF TITLE | |
| Title proper/short title | Ab-e-kauser |
| Remainder of title | by Skaikh Mohammad Ikram |
| 260 ## - PUBLICATION, DISTRIBUTION, ETC. (IMPRINT) | |
| Place of publication, distribution, etc | دیللی |
| Name of publisher, distributor, etc | ادبی دنیا |
| Date of publication, distribution, etc | 00?? |
| 270 ## - ADDRESS | |
| Address | 510, متیا محل |
| City | دیللی |
| Postal code | 110006 |
| 300 ## - PHYSICAL DESCRIPTION | |
| Extent | 471p. |
| Dimensions | 21cm(Hb) |
| 650 ## - SUBJECT ADDED ENTRY--TOPICAL TERM | |
| Topical term or geographic name as entry element | تاریخ |
| Geographic subdivision | بھارت |
| 9 (RLIN) | 434 |
| 650 ## - SUBJECT ADDED ENTRY--TOPICAL TERM | |
| Topical term or geographic name as entry element | تاریخ |
| 9 (RLIN) | 141788 |
| 650 ## - SUBJECT ADDED ENTRY--TOPICAL TERM | |
| Topical term or geographic name as entry element | History |
| Geographic subdivision | India |
| 9 (RLIN) | 436 |
| 650 ## - SUBJECT ADDED ENTRY--TOPICAL TERM | |
| Topical term or geographic name as entry element | History |
| Geographic subdivision | Pakistan |
| 9 (RLIN) | 437 |
| 942 ## - ADDED ENTRY ELEMENTS (KOHA) | |
| Source of classification or shelving scheme | Dewey Decimal Classification |
| Koha item type | Urdu Bks |
| Classification part | 954. |
| Call number suffix | م ح م |
| Withdrawn status | Lost status | Damaged status | Not for loan | Collection code | Home library | Current library | Date acquired | Source of acquisition | Cost, normal purchase price | Total Checkouts | Full call number | Barcode | Date last seen | Copy number | Cost, replacement price | Price effective from | Koha item type |
|---|---|---|---|---|---|---|---|---|---|---|---|---|---|---|---|---|---|
| Not For Loan | Reference | Central Library | Central Library | 26/05/2015 | Cen Lib/Ret | 50.00 | 954م ح م | A-277148 | 26/05/2015 | 1 | 50.00 | 15/09/2016 | Urdu Bks |
